Países por Bandera y Forma #9 - Estadísticas

Estadísticas generales
  • Esta prueba ha sido intentada 38 veces
  • La puntuación promedio es 14 de 16
Estadísticas de respuestas
Imagen Respuesta % Correcto
Corea del Norte
97%
El Salvador
93%
Eslovaquia
93%
Kazajistán
93%
Letonia
93%
Luxemburgo
93%
Malasia
93%
Nigeria
93%
Lituania
90%
Surinam
90%
Madagascar
87%
Antigua y Barbuda
83%
Siria
83%
Togo
83%
Nauru
80%
Cabo Verde
53%
No se encontraron pruebas coincidentes
Distribución de puntuación
Porcentaje de gente con cada puntuación
Porcentaje por número respondido
Historial de tus puntuaciones
No has intentado esta prueba.